000 00362nam a2200145Ia 4500
005 20250403070452.0
008 240331s9999 xx 000 0 und d
020 _a9789558354193
082 _bSTE
_a894
100 _aSteven,S
245 0 _aMaivilzhi parvail
260 _acolombo
_bGnanam pathippakam
_c2008
500 _aWomen's based short stories
942 _cL
999 _c5000
_d5000